Inventari de la Taula de Comuns Dipòsits de Manresa / Marc Torras i Serra
ISBN:
84-87202-27-6
Descripción Física:
39 p. ; 23 cm
Colección:
Inventaris i catàlegs de l'arxiu ; 3
MARC
| LEADER | 00000nam a2200000Ia 4500 | ||
|---|---|---|---|
| 001 | 11017 | ||
| 003 | BGR | ||
| 005 | 20260324175232.0 | ||
| 008 | 160829s1995 xx 000 0 cat d | ||
| 020 | |a 84-87202-27-6 | ||
| 080 | |a FU-12-52 | ||
| 100 | 1 | |a Torras i Serra, Marc |9 19874 | |
| 245 | |a Inventari de la Taula de Comuns Dipòsits de Manresa / Marc Torras i Serra | ||
| 260 | |a Manresa : |b Arxiu Històric de la Ciutat, |c 1995 | ||
| 300 | |a 39 p. ; |c 23 cm | ||
| 490 | |a Inventaris i catàlegs de l'arxiu ; 3 | ||
| 650 | |a Arxiu Històric de la Ciutat (Manresa) |x Inventaris |9 20589 | ||
| 710 | 1 | |9 70358 |a Arxiu Històric de la Ciutat (Manresa) | |
| 901 | |a Arxiu | ||
| 942 | |n 1 |2 udc |c MON | ||
| 952 | |0 0 |1 0 |4 0 |6 FU1252 |7 1 |9 42205 |a Arxiu |b Arxiu |d 2016-12-01 |l 0 |o FU-12-52 |p 11017 |r 2016-12-01 00:00:00 |w 2016-12-01 |y ARXIU | ||
| 999 | |c 44652 |d 44652 | ||